000 00831nam a2200253Ia 4500
003 OSt
005 20220923211127.0
006 a|||||r|||| 00| 0
007 ta
008 220922b |||||||| |||| 00| 0 hin d
020 _a81831502401 (hb)
024 _a230,940
037 _cTextual
040 _aARTS
_cARTS
_bhin
041 _2hin
_ahin
082 _aR66xK00,5:g, 152P5 (P15)
100 _aनिगम, ज्योत्सना
_9156270
245 0 _aभगवद भक्ति और भक्ति रस
246 _aBhagavad bhakti aur bhakti rasa
260 _aदिल्ली
_b न्यू भारतीय
_c2005
300 _a155पृ.
_ccm.
942 _hR66xK00,5:g, 152P5 (P15)
_cTEXL
_2CC
999 _c295676
_d295676